Risultati dell'Atalanta in UEFA Champions League 2019-2020 - Statistics

Statistiche generali
  • Questo quiz è stato fatto 15 volte
  • Il punteggio medio è 6 su 9
Statistiche sulle risposte
Hint Risposta % Corretto
Atalanta - Manchester City 1-1
85%
Valencia - Atalanta 3-4
85%
Shakhtar Donetsk - Atalanta 0-3
77%
Atalanta - Paris Saint-Germain 1-2
77%
Dinamo Zagabria - Atalanta 4-0
77%
Atalanta - Dinamo Zagabria 2-0
69%
Atalanta - Valencia 4-1
62%
Manchester City - Atalanta 5-1
62%
Atalatnta - Shakhtar Donetsk 1-2
54%
Nessun quiz corrispondente trovato
Distribuzione punteggi
Percentuale di utenti per punteggio
Percentile per numero di risposta
I tuoi punteggi nel tempo
Non hai fatto questo quiz